Statistiques concernant Pays les plus proches de Timor-Leste

Cliquez ici pour prendre le quiz!

Statistiques générales

  • Ce quiz a été pris 146 fois
  • Le résultat moyen est 17 sur 20

Statistiques - réponses

kmpays% Correct
0Indonésie
98%
461Australie
96%
2988Cambodge
94%
3433Chine
94%
1594Malaisie
94%
1538Philippines
94%
2899Viêt Nam
94%
3227Laos
92%
3549Myanmar
91%
2979Thaïlande
91%
1506Papouasie-
Nouvelle-Guinée
87%
2516Singapour
87%
1813Brunei
86%
3796Inde
84%
2176Micronésie
81%
3624Japon
80%
1620Palaos
79%
3436Taïwan
78%
3109Salomon
76%
4319Vanuatu
71%

Distribution des résultats

Percentile par nombre de réponses

% des personnes avec chaque résultat

Votre développement - résultats

Vous n’avez pas pris ce quiz